000
00313nam a22001217a 4500
008
180511b xxu||||| |||| 00| 0 eng d
041
_a
eng
080
_a
043.3
100
_a
0
101
_a
SHKI-MTH
245
_a
Sistemi E-commerce në ndërmarrjet e vogëla dhe të mesme në Kosovë
_c
Ukaj,M
942
_2
udc
_c
BK
999
_c
45701
_d
45701